000 00297nam a22001337a 4500
008 171003b xxu||||| |||| 00| 0 eng d
020 _a9780716715443
041 _aeng
080 _26TH
_a159.9
100 _a48
101 _aPSI
245 _aEXPLORING PSYCHOLOGY
_cMYERS,D.G
942 _2udc
_cBK
999 _c31519
_d31519